| 000 | 00741nam a2200193 a 4500 | ||
|---|---|---|---|
| 001 | BRCA_1744 | ||
| 005 | 20190320203530.0 | ||
| 008 | 150508s1990----mx-#---###---#000-0#spa-# | ||
| 050 | 4 |
_aF1391.P8 _b.L43 32 _c1990 |
|
| 100 | 1 |
_aGalindo y Galindo, Miguel _d1850-1910 _95441 |
|
| 245 | 1 | 0 |
_aGeneral Juan N. Mendez _cMiguel Galindo y Galindo. |
| 260 |
_aPuebla _bGobierno del Estado de Puebla : Secretaría de Cultura : Comisión Puebla V Centenario _c1990 |
||
| 300 |
_a48 p. _c21 cm. |
||
| 440 | 0 |
_aLecturas Históricas de Puebla _n32 _95442 |
|
| 600 | 1 | 4 |
_aMendez, Juan N. _d1820-1894 _95443 |
| 651 | 4 |
_aPuebla (México) _xHistoria _yIntervención europea, 1861-1867 _95444 |
|
| 651 | 4 |
_aPuebla (México) _xHistoria _y1867-1910 _95445 |
|
| 942 |
_2lcc _cB |
||
| 999 |
_c1528 _d1528 |
||